00421nam a2200157Ia 450000500170000000800410001704000190005804100120007708200150008910000190010424500670012326000270019030000160021770000200023385000100025320230424101152.0131103s9999 xx 000 0 und d aLoreto College aEnglish a823.5bSWI aSwift,Jonathan aGulliver's travelscJonathan Swift;foreword by Harold Williams aLondonbJ.M.Dentc1961 axiv,318 p.  aWilliams,Harold aLCLIB